ultimate kpop group quiz - Statistics

General Stats
  • This quiz has been taken 107 times
  • The average score is 217 of 500
Answer Stats
Hint Answer % Correct
STAYC J
100%
BLACKPINK Jennie
100%
BLACKPINK Jisoo
100%
BLACKPINK Lisa
100%
BLACKPINK Rose
100%
Day6 Young K
97%
SEVENTEEN Jun
96%
Miss A Min
94%
EVERGLOW E:U
93%
BTS V
93%
aespa Giselle
92%
BTS Jin
92%
BTS Jungkook
92%
Girls On Top | aespa Karina
92%
BTS RM
92%
IZ*ONE | LE SSERAFIM Sakura
92%
BTS Suga
92%
Girls On Top | aespa Winter
92%
IZ*ONE | LE SSERAFIM Chaewon
90%
LOOSSEMBLE Go Won
90%
Stray Kids Han
90%
aespa NingNing
90%
Hearts2Hearts A-na
89%
ATEEZ San
89%
LE SSERAFIM Yunjin
89%
Stray Kids Bang Chan
87%
EXO Chen
87%
Hearts2Hearts Ye-on
87%
BABYMONSTER Asa
86%
NewJeans Danielle
86%
Stray Kids Felix
86%
AOA | BTS Jimin
86%
LE SSERAFIM Kazuha
86%
ENHYPEN Ni-ki
86%
LE SSERAFIM Eunchae
85%
BTS J-Hope
85%
TWICE Nayeon
85%
TWICE Tzuyu
85%
ILLIT Iroha
83%
AOA | I.O.I | TWICE Mina
83%
TWICE Momo
83%
TWICE Sana
83%
TWICE Jihyo
82%
NewJeans Minji
82%
(G)I-DLE Minnie
82%
BIGBANG T.O.P
82%
ILLIT Wonhee
82%
IVE | IZ*ONE Wonyoung
82%
ITZY Yeji
82%
EXID Yuji
82%
AOA | ITZY Yuna
82%
BABYMONSTER Ahyeon
80%
TWICE | fromis_9 Chaeyoung
80%
BIGBANG G-DRAGON
80%
NewJeans Hanni
80%
ENHYPEN Jake
80%
BABYMONSTER Pharita
80%
(G)I-DLE Soyeon
80%
Stray Kids Changbin
79%
TXT Huening Kai
79%
ENHYPEN Jay
79%
KATSEYE Lara
79%
Weeekly Park Soeun
79%
Girls On Top | Red Velvet Seulgi
79%
CLC | IVE | IZ*ONE | +2 others Yujin
79%
(G)I-DLE Yuqi
79%
BABYMONSTER Chiquita
77%
NewJeans Hyein
77%
Stray Kids Hyunjin
77%
LOOSSEMBLE HyunJin
77%
Red Velvet Irene
77%
EXO Kai
77%
ITZY Lia
77%
NMIXX Lily
77%
KATSEYE Manon
77%
(G)I-DLE Miyeon
77%
BABYMONSTER Ruka
77%
Girls On Top | Red Velvet Wendy
77%
NMIXX Bae
76%
KATSEYE Daniela
76%
NewJeans Haerin
76%
Stray Kids Lee Know
76%
IVE Liz
76%
ILLIT Moka
76%
KATSEYE Sophia
76%
STAYC Yoon
76%
TWICE Dahyun
75%
Stray Kids I.N.
75%
TWICE Jeongyeon
75%
KATSEYE Megan
75%
ILLIT | IZ*ONE Minju
75%
BABYMONSTER Rami
75%
Red Velvet Joy
73%
KISS OF LIFE Natty
73%
IVE Rei
73%
Stray Kids Seungmin
73%
(G)I-DLE Shuhua
73%
ILLIT Yunah
73%
Hearts2Hearts | KARD | NMIXX Jiwoo
72%
KISS OF LIFE Julie
72%
ITZY Ryujin
72%
BOYNEXTDOOR Sungho
72%
ENHYPEN Sunghoon
72%
TXT Yeonjun
72%
KATSEYE Yoonchae
72%
IVE Gaeul
70%
ENHYPEN Jungwon
70%
ENHYPEN Sunoo
70%
KISS OF LIFE Belle
69%
ENHYPEN Heeseung
69%
ITZY Chaeryeong
68%
TXT Soobin
68%
IVE Leeseo
66%
KISS OF LIFE Haneul
65%
BABYMONSTER Rora
65%
NMIXX Sullyoon
65%
TXT Taehyun
65%
Red Velvet Yeri
65%
TXT Beomgyu
63%
NMIXX Kyujin
63%
NMIXX Haewon
62%
SEVENTEEN S.Coups
62%
2ne1 CL
61%
NCT 127 | NCT DREAM | NCT U Mark
61%
SEVENTEEN The8
61%
Day6 Jae
59%
SEVENTEEN Joshua
59%
SEVENTEEN DK
58%
EXO D.O.
58%
SHINee Taemin
58%
SEVENTEEN Vernon
58%
Girls' Generation | IZ*ONE Yuri
58%
LOONA (solo) Chuu
56%
Weeekly Lee Soojin
56%
SHINee Minho
56%
(G)I-DLE Soojin
56%
SEVENTEEN Woozi
56%
SEVENTEEN Dino
54%
BOYNEXTDOOR | NCT 127 | NCT U Jaehyun
54%
SHINee Jonghyun
54%
SHINee Key
54%
SEVENTEEN Mingyu
54%
BIGBANG Daesung
52%
SEVENTEEN Hoshi
52%
ATEEZ Mingi
52%
2ne1 Park Bom
52%
BIGBANG Taeyang
52%
ZEROBASEONE Ricky
51%
SEVENTEEN Seungkwan
51%
RIIZE Shotaro
51%
NCT 127 | NCT U Taeyong
51%
NCT U | WayV Ten
51%
SEVENTEEN Wonwoo
51%
EXO Baekhyun
49%
I.O.I Somi
49%
Girls On Top | Girls' Generation Taeyeon
49%
I.O.I | IZ*ONE Chaeyeon
48%
XG Cocona
48%
After School E-Young
48%
Kep1er Huening Bahiyyih
48%
ATEEZ Jongho
48%
SHINee Onew
48%
After School So Young
48%
RIIZE Anton
46%
NCT 127 | NCT U | TREASURE Doyoung
46%
RIIZE Wonbin
46%
ATEEZ Wooyoung
46%
Kep1er Xiaoting
46%
ATEEZ Yeosang
46%
ATEEZ Yunho
46%
NCT 127 Yuta
46%
SEVENTEEN Jeonghan
45%
NMIXX Jinni
45%
NCT 127 Jungwoo
45%
ATEEZ Seonghwa
45%
KARD BM
44%
IZ*ONE Eunbi
44%
ATEEZ Hongjoong
44%
MONSTA X I.M
44%
NCT 127 Johnny
44%
BOYNEXTDOOR Leehan
44%
EXO Suho
44%
f(x) Sulli
44%
Girls' Generation Tiffany
44%
NCT 127 | WayV WinWin
44%
NCT U Xiaojun
44%
WayV XiaoJun
44%
LOONA (solo) Yves
44%
NCT DREAM | NCT U Chenle
42%
THE BOYZ Eric
42%
ZEROBASEONE Hanbin
42%
Kep1er Hikaru
42%
NCT DREAM Jaemin
42%
fromis_9 Jisun
42%
ZEROBASEONE Matthew
42%
NCT DREAM | NCT U Renjun
42%
EXO Sehun
42%
ablume Sio
42%
NCT 127 | NCT DREAM Haechan
41%
WayV Hendery
41%
NCT DREAM Jeno
41%
NCT DREAM Jisung
41%
RIIZE | Wonder Girls Sohee
41%
Girls' Generation Sunny
41%
WayV YangYang
41%
IZ*ONE Yena
41%
Girls' Generation Yoona
41%
f(x) Amber
39%
OH MY GIRL Arin
39%
TREASURE Haruto
39%
NCT U | WayV Kun
39%
EXO Xiumin
39%
Girls On Top BoA
38%
XG Harvey
38%
STAYC Isa
38%
THE BOYZ Kevin
38%
EXO Lay
38%
EVERGLOW Mia
38%
THE BOYZ Q
38%
RIIZE Seunghan
38%
STAYC | xikers Sumin
38%
RIIZE Sungchan
38%
Kep1er | MADEIN Yeseo
38%
TREASURE Yoshi
38%
ZEROBASEONE Gyuvin
37%
ZEROBASEONE Hao
37%
Girls On Top | Girls' Generation Hyoyeon
37%
XG Jurin
37%
XG Maya
37%
MOMOLAND Nancy
37%
STAYC | xikers Seeun
37%
STAYC Sieun
37%
EVERGLOW Aisha
35%
TREASURE Asahi
35%
Dreamcatcher | EXID Dami
35%
XG Juria
35%
NCT WISH Sion
35%
THE BOYZ Sunwoo
35%
EXO Chanyeol
34%
2ne1 Dara
34%
ZEROBASEONE Gunwook
34%
IZ*ONE Hitomi
34%
MONSTA X Hyungwon
34%
ZEROBASEONE Jiwoong
34%
2ne1 Minzy
34%
NCT WISH Sakuya
34%
GFRIEND SinB
34%
Wonder Girls Sunmi
34%
ZEROBASEONE Taerae
34%
XG Chisa
32%
TREASURE Choi Hyunsuk
32%
RIIZE Eunseok
32%
Hearts2Hearts Ian
32%
TREASURE | TWS Jihoon
32%
EXO Kris
32%
Kep1er | MADEIN Mashiro
32%
IZ*ONE Nako
32%
NCT WISH Riku
32%
BOYNEXTDOOR Riwoo
32%
NCT WISH Ryo
32%
BOYNEXTDOOR Woonhak
32%
THE BOYZ Jacob
31%
THE BOYZ New
31%
KARD Somin
31%
BOYNEXTDOOR Taesan
31%
GFRIEND Umji
31%
GFRIEND Yuju
31%
ARTMS Choerry
30%
TWS Shinyu
30%
Kep1er Dayeon
28%
ARTMS HeeJin
28%
XG Hinata
28%
IZ*ONE Hyewon
28%
KARD J.Seph
28%
ARTMS Kim Lip
28%
Girls' Generation Sooyoung
28%
NCT WISH Yushi
28%
Hearts2Hearts Carmen
27%
Kep1er Chaehyun
27%
GFRIEND Eunha
27%
Wonder Girls Hyuna
27%
NCT WISH Jaehee
27%
Weeekly Lee Jaehee
27%
EXO Luhan
27%
EVERGLOW Onda
27%
SUPER JUNIOR Shindong
27%
Dreamcatcher SuA
27%
LOOSSEMBLE ViVi
27%
xikers Hunter
25%
LOOSSEMBLE HyeJu
25%
Dreamcatcher JiU
25%
TREASURE Junkyu
25%
f(x) Krystal
25%
MONSTA X Shownu
25%
CLC Sorn
25%
Miss A Suzy
25%
TREASURE Bang Yedam
24%
I.O.I Chungha
24%
MOMOLAND Daisy
24%
ARTMS HaSeul
24%
SUPER JUNIOR Heechul
24%
SUPER JUNIOR Leeteuk
24%
TREASURE Mashiho
24%
TREASURE Park Jeongwoo
24%
TREASURE So Junghwan
24%
Hearts2Hearts Stella
24%
EXO Tao
24%
MONSTA X Wonho
24%
EVERGLOW Yiren
24%
TREASURE Yoon Jaehyuk
24%
Kep1er Youngeun
24%
FIFTY FIFTY Chanelle Moon
23%
TWS Dohoon
23%
THE BOYZ Hyunjae
23%
Miss A Jia
23%
ARTMS JinSoul
23%
Hearts2Hearts Juun
23%
THE BOYZ Juyeon
23%
TWS Kyungmin
23%
fromis_9 Saerom
23%
THE BOYZ Sangyeon
23%
EVERGLOW Sihyeon
23%
xikers Yechan
23%
FIFTY FIFTY Athena
21%
TWS Hanjin
21%
Weeekly Monday
21%
LOOSSEMBLE YeoJin
21%
OH MY GIRL YooA
21%
THE BOYZ Younghoon
21%
TWS Youngjae
21%
Hearts2Hearts | PRISTIN Yuha
21%
MOMOLAND JooE
20%
THE BOYZ Juhaknyeon
20%
FIFTY FIFTY Keena
20%
MONSTA X Kihyun
20%
OH MY GIRL Mimi
20%
MONSTA X Minhyuk
20%
xikers Minjae
20%
Girls' Generation Seohyun
20%
fromis_9 Seoyeon
20%
Dreamcatcher Siyeon
20%
GFRIEND Yerin
20%
Dreamcatcher Yoohyeon
20%
Dreamcatcher Handong
18%
KiiiKiii Haum
18%
xikers Hyunwoo
18%
xikers Jinsik
18%
KiiiKiii Kya
18%
SUPER JUNIOR Siwon
18%
GFRIEND Sowon
18%
f(x) Victoria
18%
Day6 Wonpil
18%
MADEIN Gaeun
17%
Dreamcatcher Gahyun
17%
FIFTY FIFTY Hana
17%
MONSTA X Jooheon
17%
xikers Junmin
17%
AKMU Lee Chanhyuk
17%
KiiiKiii Leesol
17%
CRAVITY Seongmin
17%
xikers Yujun
17%
ablume Aran
15%
Miss A Fei
15%
fromis_9 Gyuri
15%
EXID Hani
15%
MOMOLAND Jane
15%
fromis_9 Jiheon
15%
fromis_9 Jiwon
15%
SUPER JUNIOR Kyuhyun
15%
AKMU Lee Suhyun
15%
f(x) Luna
15%
I.O.I | PRISTIN Nayoung
15%
ablume Saena
15%
THE BOYZ Hwall
14%
MOMOLAND Hyebin
14%
KiiiKiii Jiyu
14%
xikers Junghoon
14%
MADEIN Nagomi
14%
fromis_9 Nagyung
14%
CLC Seungyeon
14%
MOMOLAND Ahin
13%
SUPER JUNIOR Donghae
13%
CLC Elkie
13%
SUPER JUNIOR Eunhyuk
13%
Super Junior- M Henry
13%
MADEIN MiU
13%
After School Nana
13%
SUPER JUNIOR Ryeowook
13%
CRAVITY Serim
13%
CLC | OH MY GIRL Seunghee
13%
MOMOLAND Taeha
13%
CRAVITY Taeyoung
13%
FIFTY FIFTY Yewon
13%
OH MY GIRL | Wonder Girls Yubin
13%
CRAVITY Allen
11%
CLC Eunbin
11%
fromis_9 Hayoung
11%
After School Lizzy
11%
CRAVITY Minhee
11%
MOMOLAND Nayun
11%
KiiiKiii Sui
11%
SUPER JUNIOR Sungmin
11%
CLC | Wonder Girls Yeeun
11%
MOMOLAND Yeonwoo
11%
SUPER JUNIOR Yesung
11%
Weeekly Zoa
11%
AOA Chanmi
10%
Day6 Dowoon
10%
CRAVITY Hyeongjun
10%
After School Jooyeon
10%
I.O.I | PRISTIN Kyulkyung
10%
AOA Seolhyun
10%
MADEIN Serina
10%
Weeekly Shin Jiyoon
10%
EXID Solji
10%
Day6 Sungjin
10%
After School UEE
10%
CRAVITY Woobin
10%
Super Junior- M Zhoumi
10%
AOA Choa
8%
AOA Hyejeong
8%
Wonder Girls Hyelim
8%
OH MY GIRL Hyojung
8%
CRAVITY Jungmo
8%
After School Kahi
8%
I.O.I Sohye
8%
Wonder Girls Sunye
8%
PRISTIN Eunwoo
7%
EXID Jeonghwa
7%
Weeekly Jihan
7%
After School Jungah
7%
After School Kaeun
7%
PRISTIN Kyla
7%
After School Raina
7%
PRISTIN Roa
7%
MADEIN Suhye
7%
CRAVITY Wonjin
7%
I.O.I Yeonjung
7%
I.O.I Doyeon
6%
EXID Elly
6%
PRISTIN Rena
6%
PRISTIN Sungyeon
6%
PRISTIN Xiyeon
6%
PRISTIN Yehana
6%
I.O.I Yoojung
6%
Day6 Junhyeok
4%
I.O.I Sejong
4%
AOA Youkyoung
4%
EXID Hyelin
3%
EXID Haeryung
1%
After School Bekeah
0%
No matching quizzes found
Score Distribution
Percent of People with Each Score
Percentile by Number Answered
Your Score History
You have not taken this quiz